000 00392nam a2200145Ia 4500
008 230917s9999||||xx |||||||||||||| ||und||
040 _e49910
_aMAIN
041 _aEnglish
082 _a327.54073 E31E
100 _aBajpai, Kanti P, ed.
245 0 _aEngaged democracies: India-U S relations in the 21st century
260 _aNew Delhi
_bHar-Anand
_c2000
300 _a223 p.
942 _cBK
999 _c106641
_d106641